[Event "Helsingor Xtracon op"]
[Site "Helsingor"]
[Date "2019.07.28"]
[Round "10"]
[White "Svane, Freja"]
[Black "Weber, Andreas"]
[Result "1-0"]
[WhiteElo "1600"]
[BlackElo "1704"]
[PlyCount "53"]
[EventDate "2019.07.20"]
[EventType "swiss"]
[EventRounds "10"]
[EventCountry "DEN"]
[SourceTitle "CBM 191 Extra"]
[Source "ChessBase"]
[SourceDate "2019.09.30"]
[SourceVersion "1"]
[SourceVersionDate "2019.09.30"]
[SourceQuality "1"]

1. d4 Nf6 2. c4 g6 3. Nc3 Bg7 4. Nf3 0-0 5. Bf4 d6 6. e3 Nbd7 7. Be2 Re8 8. Rc1 Nh5 9. Bg3 Nxg3 10. hxg3 e5 11. b3 e4 12. Nd2 f5 13. Nd5 c5 14. dxc5 dxc5 15. g4 Ne5 16. gxf5 Bxf5 17. g4 Bxg4 18. Bxg4 Nd3+ 19. Ke2 Nxc1+ 20. Qxc1 b5 21. Qf1 bxc4 22. bxc4 Rb8 23. Qh3 h6 24. Be6+ Kf8 25. Nxe4 Rb2+ 26. Kd3 Qa5 27. Qf3+ 1-0

[Event "Helsingor Xtracon op"]
[Site "Helsingor"]
[Date "2019.07.25"]
[Round "7"]
[White "Weber, Andreas"]
[Black "Smeby, Ole"]
[Result "0-1"]
[WhiteElo "1704"]
[BlackElo "1887"]
[PlyCount "118"]
[EventDate "2019.07.20"]
[EventType "swiss"]
[EventRounds "10"]
[EventCountry "DEN"]
[SourceTitle "CBM 191 Extra"]
[Source "ChessBase"]
[SourceDate "2019.09.30"]
[SourceVersion "1"]
[SourceVersionDate "2019.09.30"]
[SourceQuality "1"]

1. Nf3 Nf6 2. g3 d5 3. Bg2 c6 4. 0-0 Nbd7 5. d3 e5 6. e4 Bd6 7. Nbd2 0-0 8. b3 Re8 9. Bb2 Nf8 10. h3 Qc7 11. Rc1 Ng6 12. c4 d4 13. c5 Bf8 14. Rc2 Bd7 15. Nh2 b6 16. Ng4 Nxg4 17. hxg4 Bxc5 18. g5 Bd6 19. Qh5 Qc8 20. Nc4 Bc7 21. f3 b5 22. Nd2 Bd6 23. Kf2 Be6 24. Rh1 Nf8 25. Nf1 Qd7 26. Bc1 Rac8 27. f4 Bg4 28. Qh4 g6 29. Nh2 Be6 30. Bf3 c5 31. Ng4 Bxg4 32. Bxg4 Qc7 33. f5 f6 34. gxf6 Qf7 35. Kg1 Rc7 36. Bh6 Rb8 37. Bxf8 Rxf8 38. fxg6 Qxf6 39. gxh7+ Kh8 40. Qxf6+ Rxf6 41. Bf5 Bf8 42. g4 Rfc6 43. Kf2 c4 44. bxc4 bxc4 45. Rhc1 c3 46. Rb1 Rb6 47. Rxb6 axb6 48. g5 Rc5 49. g6 Rb5 50. Ke2 Rb1 51. Be6 Bh6 52. Bf7 Bg5 53. a4 Bf6 54. Be8 Kg7 55. Bf7 Rh1 56. Be8 Rh3 57. Kf1 Rxd3 58. Rf2 Rd1+ 59. Kg2 Rd2 0-1

[Event "Helsingor Xtracon op"]
[Site "Helsingor"]
[Date "2019.07.21"]
[Round "2"]
[White "Nilsson, Patrik1111"]
[Black "Weber, Andreas"]
[Result "1-0"]
[WhiteElo "1932"]
[BlackElo "1704"]
[PlyCount "61"]
[EventDate "2019.07.20"]
[EventType "swiss"]
[EventRounds "10"]
[EventCountry "DEN"]
[SourceTitle "CBM 191 Extra"]
[Source "ChessBase"]
[SourceDate "2019.09.30"]
[SourceVersion "1"]
[SourceVersionDate "2019.09.30"]
[SourceQuality "1"]

1. e4 g6 2. d4 Bg7 3. Nc3 c6 4. Bc4 d5 5. exd5 b5 6. Bb3 b4 7. Nce2 cxd5 8. Nf3 Nf6 9. 0-0 0-0 10. a3 bxa3 11. Rxa3 Ne4 12. Ng5 Bb7 13. Nxe4 dxe4 14. Be3 Kh8 15. c3 Nd7 16. Qa1 a6 17. Qa2 e5 18. Bxf7 exd4 19. cxd4 Nf6 20. Nf4 Ng4 21. h3 Nxe3 22. fxe3 Qg5 23. Ne6 Qg3 24. Nxf8 Bxf8 25. Qe6 Bg7 26. Rb3 Qc7 27. Rc3 Qg3 28. Qe7 Bc6 29. Rxc6 Qxe3+ 30. Kh1 Qxd4 31. Be8 1-0

[Event "Rheinland Pfalz op 11th"]
[Site "Weilerbach"]
[Date "2019.06.20"]
[Round "1"]
[White "Schrems, Hermann"]
[Black "Weber, Andreas"]
[Result "1/2-1/2"]
[WhiteElo "2086"]
[BlackElo "1694"]
[PlyCount "65"]
[EventDate "2019.06.20"]
[EventType "swiss"]
[EventRounds "7"]
[EventCountry "GER"]
[SourceTitle "CBM 191 Extra"]
[Source "ChessBase"]
[SourceDate "2019.09.30"]
[SourceVersion "1"]
[SourceVersionDate "2019.09.30"]
[SourceQuality "1"]

1. d4 Nf6 2. c4 g6 3. g3 Bg7 4. Bg2 0-0 5. Nc3 d6 6. Nf3 Nbd7 7. 0-0 e5 8. e4 Re8 9. d5 a5 10. Ne1 Nc5 11. Nd3 Nxd3 12. Qxd3 Nd7 13. Be3 b6 14. Qd2 Nc5 15. Rac1 f5 16. f3 Bf6 17. Kh1 Kh8 18. Nd1 Rg8 19. Nf2 Qe7 20. b3 Bd7 21. Nd3 Nxd3 22. Qxd3 Raf8 23. Rce1 Qg7 24. Re2 h6 25. Ref2 f4 26. gxf4 Bh4 27. Rd2 exf4 28. Bd4 Bf6 29. Rg1 Bxd4 30. Qxd4 Qxd4 31. Rxd4 Re8 32. Bf1 Re5 33. Rd2 1/2-1/2

[Event "Hessen-chB"]
[Site "Frankfurt"]
[Date "2019.06.01"]
[Round "5"]
[White "Meyer, Marcel"]
[Black "Weber, Andreas"]
[Result "0-1"]
[WhiteElo "1820"]
[BlackElo "1694"]
[PlyCount "46"]
[EventDate "2019.05.30"]
[EventType "swiss"]
[EventRounds "7"]
[EventCountry "GER"]
[SourceTitle "EXT 2020"]
[Source "ChessBase"]
[SourceDate "2019.10.17"]
[SourceVersion "1"]
[SourceVersionDate "2019.10.17"]
[SourceQuality "1"]

1. d4 Nf6 2. c4 g6 3. Nc3 Bg7 4. e4 d6 5. Nf3 0-0 6. Be2 e5 7. 0-0 Nc6 8. d5 Ne7 9. b4 Nh5 10. Re1 f5 11. Qb3 Kh8 12. a4 fxe4 13. Ng5 Nf4 14. Ncxe4 Nf5 15. Bf1 Nd4 16. Qd1 h6 17. Nh3 Nxh3+ 18. gxh3 Nf3+ 19. Kh1 Nxe1 20. Qxe1 Qh4 21. Ra3 Bf5 22. Ng3 Bxh3 23. Nh5 Bxf1 0-1

[Event "Hessen-chB"]
[Site "Frankfurt"]
[Date "2019.06.01"]
[Round "6"]
[White "Weber, Andreas"]
[Black "Osterloh, Felix"]
[Result "1/2-1/2"]
[WhiteElo "1694"]
[BlackElo "1833"]
[PlyCount "62"]
[EventDate "2019.05.30"]
[EventType "swiss"]
[EventRounds "7"]
[EventCountry "GER"]
[SourceTitle "EXT 2020"]
[Source "ChessBase"]
[SourceDate "2019.10.17"]
[SourceVersion "1"]
[SourceVersionDate "2019.10.17"]
[SourceQuality "1"]

1. Nf3 e6 2. g3 b6 3. Bg2 Bb7 4. 0-0 f5 5. d3 Nf6 6. Nbd2 Be7 7. Re1 0-0 8. e4 fxe4 9. dxe4 h6 10. e5 Nh7 11. h4 Rf7 12. Ne4 Qf8 13. Qd3 Na6 14. Bf4 Nc5 15. Nxc5 Bxc5 16. Nd4 Bxg2 17. Kxg2 Be7 18. Be3 g5 19. h5 Qg7 20. Qg6 Nf8 21. Qxg7+ Kxg7 22. g4 c5 23. Nb5 a6 24. Nc3 d5 25. exd6 Bxd6 26. Ne4 Be5 27. c3 Rd7 28. Rad1 Rad8 29. Rxd7+ Rxd7 30. Kf1 Nh7 31. Ke2 Nf6 1/2-1/2

[Event "Helsingor Xtracon op"]
[Site "Helsingor"]
[Date "2018.07.22"]
[Round "2"]
[White "Weber, Andreas"]
[Black "Green, Per"]
[Result "0-1"]
[WhiteElo "1693"]
[BlackElo "1927"]
[PlyCount "70"]
[EventDate "2018.07.21"]
[EventType "swiss"]
[EventRounds "10"]
[EventCountry "DEN"]
[SourceTitle "CBM 185 Extra"]
[Source "ChessBase"]
[SourceDate "2018.07.29"]
[SourceVersion "1"]
[SourceVersionDate "2018.07.29"]
[SourceQuality "1"]

1. Nf3 c5 2. g3 Nf6 3. Bg2 e6 4. 0-0 d5 5. d3 Nc6 6. Nbd2 Be7 7. e4 b5 8. Re1 Bb7 9. e5 Nd7 10. Nf1 Qc7 11. Qe2 h6 12. h4 g5 13. hxg5 hxg5 14. g4 Nd4 15. Nxd4 cxd4 16. c3 dxc3 17. bxc3 d4 18. cxd4 Bxg2 19. Kxg2 Rc8 20. Bd2 Nb6 21. Rec1 Qb7+ 22. f3 Rxc1 23. Rxc1 Nd5 24. Ng3 Rh4 25. Qe4 Qa6 26. Nh5 Qxa2 27. Qe1 Bb4 28. Rd1 Qc2 29. Nf6+ Nxf6 30. exf6 Bd6 31. d5 Kd7 32. dxe6+ fxe6 33. f4 Bxf4 34. Kf3 Rh3+ 35. Kg2 Rh2+ 0-1

[Event "Helsingor Xtracon op"]
[Site "Helsingor"]
[Date "2018.07.21"]
[Round "1"]
[White "Liu, Manli"]
[Black "Weber, Andreas"]
[Result "1-0"]
[WhiteElo "2167"]
[BlackElo "1693"]
[PlyCount "74"]
[EventDate "2018.07.21"]
[EventType "swiss"]
[EventRounds "10"]
[EventCountry "DEN"]
[SourceTitle "CBM 185 Extra"]
[Source "ChessBase"]
[SourceDate "2018.07.29"]
[SourceVersion "1"]
[SourceVersionDate "2018.07.29"]
[SourceQuality "1"]

1. e4 e5 2. Nf3 Nc6 3. Bb5 a6 4. Ba4 Nf6 5. d3 b5 6. Bb3 Be7 7. Nbd2 0-0 8. c3 d6 9. Nf1 Nb8 10. Ng3 Nbd7 11. 0-0 c5 12. h3 Nb6 13. Qe2 Be6 14. Bc2 Re8 15. Nh2 Bf8 16. f4 exf4 17. Bxf4 g6 18. Bg5 Bg7 19. Qd2 Nbd7 20. d4 Bc4 21. Rf2 b4 22. Ng4 bxc3 23. bxc3 h5 24. Nxf6+ Bxf6 25. Bxf6 Nxf6 26. dxc5 d5 27. Qf4 dxe4 28. Qxf6 Qxf6 29. Rxf6 Kg7 30. Rd6 f5 31. h4 Rac8 32. Rb1 e3 33. Rb7+ Kh8 34. Rxg6 e2 35. Nxe2 Rxe2 36. Bxf5 Re1+ 37. Kh2 Re5 1-0

[Event "Hessen-chB"]
[Site "Frankfurt"]
[Date "2018.05.12"]
[Round "6"]
[White "Meyer, Marcel"]
[Black "Weber, Andreas"]
[Result "1-0"]
[WhiteElo "1759"]
[BlackElo "1718"]
[PlyCount "67"]
[EventDate "2018.05.10"]
[EventType "swiss"]
[EventRounds "7"]
[EventCountry "GER"]
[SourceTitle "EXT 2019"]
[Source "ChessBase"]
[SourceDate "2018.10.10"]
[SourceVersion "1"]
[SourceVersionDate "2018.10.10"]
[SourceQuality "1"]

1. d4 d5 2. c4 Nc6 3. e3 e5 4. dxe5 dxc4 5. Qxd8+ Kxd8 6. Nf3 Bg4 7. Bxc4 Bxf3 8. gxf3 Nxe5 9. Be2 c6 10. Nc3 Kc7 11. Bd2 Rd8 12. 0-0-0 Nh6 13. Kc2 Nf5 14. f4 Nd7 15. Ne4 h6 16. Bc3 f6 17. Rhg1 h5 18. Ng3 Nxg3 19. hxg3 Nc5 20. Rxd8 Kxd8 21. f3 Na4 22. Be1 Bc5 23. Bf2 Nb6 24. Rd1+ Ke7 25. Bg1 Rd8 26. e4 Bxg1 27. Rxg1 Kf7 28. f5 g5 29. fxg6+ Kxg6 30. Bd3 Kf7 31. Rh1 Rh8 32. Rh4 Nd7 33. Be2 Rg8 34. Bc4+ 1-0

[Event "Hessen-chB"]
[Site "Frankfurt"]
[Date "2018.05.11"]
[Round "3"]
[White "Weber, Andreas"]
[Black "Bergmann, Michael"]
[Result "0-1"]
[WhiteElo "1718"]
[BlackElo "1847"]
[PlyCount "56"]
[EventDate "2018.05.10"]
[EventType "swiss"]
[EventRounds "7"]
[EventCountry "GER"]
[SourceTitle "EXT 2019"]
[Source "ChessBase"]
[SourceDate "2018.10.10"]
[SourceVersion "1"]
[SourceVersionDate "2018.10.10"]
[SourceQuality "1"]

1. e4 e5 2. f4 exf4 3. Nf3 d5 4. exd5 Nf6 5. Bb5+ c6 6. dxc6 Nxc6 7. 0-0 Qb6+ 8. d4 Qxb5 9. Bxf4 Qxb2 10. Re1+ Be7 11. Nbd2 0-0 12. Rb1 Qxa2 13. Ra1 Qd5 14. c4 Qd8 15. d5 Bc5+ 16. Kf1 Nd4 17. Ne5 Bf5 18. Ra2 Re8 19. Nb3 Nxb3 20. Qxb3 Qb6 21. Qf3 Nd7 22. Qg3 Nxe5 23. Bxe5 f6 24. Rb2 Qd8 25. Rxb7 Bg6 26. Bc3 Rxe1+ 27. Bxe1 Bd6 28. Qf2 Qc8 0-1

[Event "Hessen-chB"]
[Site "Frankfurt"]
[Date "2018.05.10"]
[Round "2"]
[White "Zalewski, Ulrich"]
[Black "Weber, Andreas"]
[Result "1/2-1/2"]
[WhiteElo "1788"]
[BlackElo "1718"]
[PlyCount "77"]
[EventDate "2018.05.10"]
[EventType "swiss"]
[EventRounds "7"]
[EventCountry "GER"]
[SourceTitle "EXT 2019"]
[Source "ChessBase"]
[SourceDate "2018.10.10"]
[SourceVersion "1"]
[SourceVersionDate "2018.10.10"]
[SourceQuality "1"]

1. e4 e5 2. Nf3 Nc6 3. Bb5 a6 4. Ba4 Nf6 5. 0-0 Be7 6. Re1 b5 7. Bb3 0-0 8. a4 b4 9. c3 d6 10. d4 exd4 11. Nxd4 Nxd4 12. cxd4 Bb7 13. f3 Rc8 14. Nd2 c5 15. d5 Kh8 16. Nc4 Nd7 17. Bf4 Nb6 18. Rc1 Nxc4 19. Bxc4 Bg5 20. Qd2 Bxf4 21. Qxf4 Qf6 22. Qxf6 gxf6 23. g4 Rg8 24. Kf2 Rce8 25. Rg1 Bc8 26. Rg3 Re5 27. Rcg1 Rg7 28. b3 h5 29. h3 h4 30. R3g2 Kg8 31. Bd3 Kf8 32. f4 Re8 33. f5 Rg5 34. Kf3 a5 35. Bb5 Re5 36. Rc1 Bb7 37. Rgc2 Ke7 38. Rd1 Kd8 39. Rdc1 1/2-1/2

[Event "Rheinland Pfalz op 10th"]
[Site "Nickenich"]
[Date "2018.05.03"]
[Round "7"]
[White "Weber, Andreas"]
[Black "Zimmer, Elmar"]
[Result "1/2-1/2"]
[WhiteElo "1714"]
[BlackElo "1571"]
[PlyCount "44"]
[EventDate "2018.05.31"]
[EventType "swiss"]
[EventRounds "7"]
[EventCountry "GER"]
[SourceTitle "EXT 2019"]
[Source "ChessBase"]
[SourceDate "2018.10.10"]
[SourceVersion "1"]
[SourceVersionDate "2018.10.10"]
[SourceQuality "1"]

1. Nf3 Nf6 2. g3 e6 3. d3 d5 4. Nbd2 Nc6 5. e4 e5 6. Bg2 Be7 7. 0-0 0-0 8. h3 h6 9. Re1 dxe4 10. dxe4 Be6 11. c3 Nd7 12. Nf1 Nc5 13. Qxd8 Raxd8 14. Be3 b6 15. Bxc5 bxc5 16. Ne3 g6 17. Ng4 Bxg4 18. hxg4 Rd3 19. Rad1 Rfd8 20. Rxd3 Rxd3 21. Kf1 f6 22. Ke2 Rd8 1/2-1/2

[Event "Kiel op 30th"]
[Site "Kiel"]
[Date "2017.08.04"]
[Round "9.41"]
[White "Schmieder, Kerstin"]
[Black "Weber, Andreas"]
[Result "1/2-1/2"]
[WhiteElo "1674"]
[BlackElo "1795"]
[PlyCount "35"]
[EventDate "2017.07.29"]
[EventType "swiss"]
[EventRounds "9"]
[EventCountry "GER"]
[SourceTitle "EXT 2018"]
[Source "ChessBase"]
[SourceDate "2017.10.13"]
[SourceVersion "1"]
[SourceVersionDate "2017.10.13"]
[SourceQuality "1"]

1. d4 Nf6 2. Nc3 d5 3. Bg5 c5 4. Nf3 Nc6 5. Bxf6 gxf6 6. dxc5 e6 7. e4 d4 8. Nb5 Bxc5 9. c3 dxc3 10. Qxd8+ Kxd8 11. Rd1+ Ke7 12. Nxc3 Rd8 13. Rxd8 Kxd8 14. a3 a6 15. Bd3 b5 16. 0-0 Bb7 17. Rd1 Ke7 18. Bc2 1/2-1/2

[Event "Kiel op 30th"]
[Site "Kiel"]
[Date "2017.07.31"]
[Round "5"]
[White "Mueller, Richard"]
[Black "Weber, Andreas"]
[Result "1/2-1/2"]
[WhiteElo "1484"]
[BlackElo "1795"]
[PlyCount "58"]
[EventDate "2017.07.29"]
[EventType "swiss"]
[EventRounds "9"]
[EventCountry "GER"]
[SourceTitle "EXT 2018"]
[Source "ChessBase"]
[SourceDate "2017.10.13"]
[SourceVersion "1"]
[SourceVersionDate "2017.10.13"]
[SourceQuality "1"]

1. Nf3 d5 2. g3 Nf6 3. Bg2 e6 4. 0-0 Be7 5. d4 0-0 6. Bf4 c5 7. dxc5 Bxc5 8. Nc3 Nc6 9. Qd2 a6 10. a3 Re8 11. Bg5 Be7 12. Rad1 Nd7 13. Bxe7 Qxe7 14. e4 dxe4 15. Nxe4 Nf6 16. Nxf6+ Qxf6 17. b3 e5 18. Qg5 Bf5 19. Qxf6 gxf6 20. Rc1 Rad8 21. c3 Be6 22. b4 Bb3 23. Rb1 Ba4 24. Rb2 Rd3 25. Rc1 Red8 26. Re2 Kf8 27. Re3 Rd1+ 28. Re1 R1d3 29. Re3 Rd1+ 1/2-1/2

[Event "Kiel op 30th"]
[Site "Kiel"]
[Date "2017.07.29"]
[Round "1"]
[White "Moeller, Dustin"]
[Black "Weber, Andreas"]
[Result "1-0"]
[WhiteElo "2079"]
[BlackElo "1795"]
[PlyCount "89"]
[EventDate "2017.07.29"]
[EventType "swiss"]
[EventRounds "9"]
[EventCountry "GER"]
[SourceTitle "EXT 2018"]
[Source "ChessBase"]
[SourceDate "2017.10.13"]
[SourceVersion "1"]
[SourceVersionDate "2017.10.13"]
[SourceQuality "1"]

1. d4 Nf6 2. Nf3 e6 3. e3 d5 4. Bd3 c5 5. b3 Nc6 6. Bb2 Be7 7. Nbd2 0-0 8. 0-0 Nb4 9. Be2 b6 10. Ne5 Bb7 11. f4 Ne4 12. Nxe4 dxe4 13. c4 f6 14. Ng4 Qe8 15. a3 Nd3 16. Bc3 Rd8 17. Ra2 cxd4 18. exd4 Nc5 19. b4 Nd7 20. Rd2 f5 21. Ne3 Nf6 22. d5 exd5 23. cxd5 Bd6 24. Nxf5 Kh8 25. Qa1 Qg6 26. Ne3 Qh6 27. g3 Qg6 28. Qd1 Bc8 29. Be5 Bh3 30. Rf2 Qe8 31. Qa1 a5 32. Qd4 axb4 33. axb4 Qe7 34. Bxd6 Rxd6 35. Qe5 Qd8 36. Bf1 Re8 37. Qd4 Be6 38. Bc4 Ng4 39. Nxg4 Bxg4 40. Qe3 Bf5 41. Ra2 Qb8 42. Bb5 Red8 43. Bc6 Bh3 44. Rfc2 Bf5 45. Ra6 1-0

[Event "Vellmar op 9th"]
[Site "Vellmar"]
[Date "2017.07.16"]
[Round "6"]
[White "Ernst, Rolf"]
[Black "Weber, Andreas"]
[Result "1-0"]
[WhiteElo "1974"]
[BlackElo "1795"]
[PlyCount "109"]
[EventDate "2017.07.13"]
[EventType "swiss"]
[EventRounds "7"]
[EventCountry "GER"]
[SourceTitle "CBM 179 Extra"]
[Source "ChessBase"]
[SourceDate "2017.08.23"]
[SourceVersion "1"]
[SourceVersionDate "2017.08.23"]
[SourceQuality "1"]

1. d4 d5 2. c4 e6 3. Nc3 c5 4. e3 Nf6 5. Nf3 a6 6. cxd5 exd5 7. Be2 Nc6 8. 0-0 Be7 9. a3 0-0 10. dxc5 Bxc5 11. b4 Ba7 12. Bb2 Be6 13. Rc1 Rc8 14. b5 axb5 15. Nxb5 Bb8 16. Nbd4 Bg4 17. Qb3 Na5 18. Qb5 Rxc1 19. Rxc1 Bd7 20. Qd3 Nc4 21. Ba1 b5 22. Rd1 Qe7 23. Nc2 Nb6 24. Nb4 Be6 25. Qxb5 Nc4 26. Bxf6 gxf6 27. Nxd5 Bxd5 28. Qxd5 Nxe3 29. fxe3 Qxe3+ 30. Kh1 Qxe2 31. Re1 Qa6 32. Qf5 Qc8 33. Qxf6 Re8 34. Qg5+ Kh8 35. Qf6+ Kg8 36. Rxe8+ Qxe8 37. g3 Ba7 38. Kg2 Qe2+ 39. Kh3 Qd3 40. Qxf7+ Kxf7 41. Ne5+ Ke6 42. Nxd3 Kd5 43. Kg4 Kc4 44. Nf4 Kb3 45. Kf5 Kxa3 46. g4 h6 47. h3 Ka4 48. Kg6 Be3 49. Nd5 Bg5 50. Nf6 Kb5 51. Ng8 Kc6 52. Nxh6 Bh4 53. Nf5 Be1 54. h4 Kd7 55. Kf7 1-0

[Event "Vellmar op 9th"]
[Site "Vellmar"]
[Date "2017.07.13"]
[Round "1"]
[White "Weber, Andreas"]
[Black "Wiewesiek, Timo"]
[Result "1/2-1/2"]
[WhiteElo "1795"]
[BlackElo "1993"]
[PlyCount "69"]
[EventDate "2017.07.13"]
[EventType "swiss"]
[EventRounds "7"]
[EventCountry "GER"]
[SourceTitle "CBM 179 Extra"]
[Source "ChessBase"]
[SourceDate "2017.08.23"]
[SourceVersion "1"]
[SourceVersionDate "2017.08.23"]
[SourceQuality "1"]

1. e4 c6 2. d3 d5 3. Nd2 e5 4. Ngf3 Bd6 5. g3 Ne7 6. Bg2 0-0 7. 0-0 Nd7 8. b3 Bc7 9. Bb2 f6 10. Nh4 Nc5 11. Qe2 Ne6 12. Nhf3 Bb6 13. Rad1 Qe8 14. Rfe1 Qf7 15. a3 d4 16. Nc4 Bc7 17. c3 dxc3 18. Bxc3 c5 19. Qb2 Nd4 20. Nxd4 cxd4 21. Bb4 Rd8 22. a4 Nc6 23. Bd2 Be6 24. Rf1 Qe7 25. f4 a6 26. fxe5 fxe5 27. Rf2 b5 28. Na3 Bd6 29. Ra1 bxa4 30. bxa4 Rab8 31. Qc1 Nb4 32. Bg5 Rdc8 33. Qxc8+ Rxc8 34. Bxe7 Bxe7 35. Bf1 1/2-1/2

[Event "Pfalz op-B 8th"]
[Site "Neustadt an der Weinstrasse"]
[Date "2017.02.27"]
[Round "7"]
[White "Baeumer, Frank"]
[Black "Weber, Andreas"]
[Result "1-0"]
[WhiteElo "1922"]
[BlackElo "1796"]
[PlyCount "59"]
[EventDate "2017.02.24"]
[EventType "swiss"]
[EventRounds "7"]
[EventCountry "GER"]
[SourceTitle "CBM 177 Extra"]
[Source "ChessBase"]
[SourceDate "2017.04.27"]
[SourceVersion "1"]
[SourceVersionDate "2017.04.27"]
[SourceQuality "1"]

1. e4 d5 2. exd5 Nf6 3. Nc3 Nxd5 4. Bc4 Nb6 5. Bb3 Nc6 6. Nf3 Bf5 7. a4 a5 8. d4 e6 9. 0-0 Be7 10. Nb5 0-0 11. Bf4 Rc8 12. c3 Nd5 13. Bg3 Nf6 14. Nh4 Bg4 15. Qd3 Nh5 16. Qe4 Nxg3 17. fxg3 Bxh4 18. Qxg4 Bf6 19. Rf3 g6 20. Raf1 h5 21. Qe4 Ne7 22. Rxf6 Nf5 23. Qe5 Kh7 24. h3 c6 25. g4 cxb5 26. gxf5 exf5 27. R1xf5 Rc6 28. Rxh5+ gxh5 29. Bc2+ Kg8 30. Qg5+ 1-0

[Event "Pfalz op-B 8th"]
[Site "Neustadt an der Weinstrasse"]
[Date "2017.02.26"]
[Round "5"]
[White "Damrich, Alina"]
[Black "Weber, Andreas"]
[Result "1/2-1/2"]
[WhiteElo "1561"]
[BlackElo "1796"]
[PlyCount "56"]
[EventDate "2017.02.24"]
[EventType "swiss"]
[EventRounds "7"]
[EventCountry "GER"]
[SourceTitle "CBM 177 Extra"]
[Source "ChessBase"]
[SourceDate "2017.04.27"]
[SourceVersion "1"]
[SourceVersionDate "2017.04.27"]
[SourceQuality "1"]

1. e4 d5 2. exd5 Nf6 3. Nc3 Nxd5 4. Bc4 Nb6 5. Bb3 e6 6. Nf3 Nc6 7. 0-0 Be7 8. d4 Na5 9. Re1 Nxb3 10. axb3 0-0 11. Ne5 f6 12. Nf3 a6 13. Qe2 Re8 14. Bf4 Bd6 15. Bxd6 cxd6 16. Rad1 d5 17. Na4 Nxa4 18. bxa4 Bd7 19. b3 Rc8 20. Rc1 Rc3 21. Qd2 Qc7 22. Re3 Rc8 23. Rxc3 Qxc3 24. Qxc3 Rxc3 25. Kf1 b5 26. axb5 Bxb5+ 27. Ke1 Kf7 28. Kd2 Rc7 1/2-1/2

[Event "Hessen-chB"]
[Site "Marburg"]
[Date "2017.??.??"]
[Round "5"]
[White "Weber, Andreas"]
[Black "Hahnenstein, Leon"]
[Result "1/2-1/2"]
[WhiteElo "1793"]
[BlackElo "1189"]
[PlyCount "44"]
[EventDate "2017.05.24"]
[EventType "swiss"]
[EventRounds "7"]
[EventCountry "GER"]
[SourceTitle "EXT 2018"]
[Source "ChessBase"]
[SourceDate "2017.10.13"]
[SourceVersion "1"]
[SourceVersionDate "2017.10.13"]
[SourceQuality "1"]

1. e4 e5 2. Nf3 Nc6 3. Bb5 a6 4. Bxc6 dxc6 5. 0-0 Bd6 6. d4 Bg4 7. dxe5 Bxf3 8. Qxf3 Bxe5 9. Rd1 Qe7 10. Nc3 Nf6 11. Bg5 0-0 12. Bxf6 Bxf6 13. Rd3 Rae8 14. Re1 Qe6 15. b3 Rd8 16. Qe3 Qe5 17. Nd1 Qa5 18. a4 Rxd3 19. cxd3 Rd8 20. Kf1 Qb4 21. e5 Be7 22. e6 f6 1/2-1/2

[Event "Hessen-chB"]
[Site "Marburg"]
[Date "2017.??.??"]
[Round "3"]
[White "Weber, Andreas"]
[Black "Schneider, Kevin"]
[Result "1/2-1/2"]
[WhiteElo "1793"]
[BlackElo "1653"]
[PlyCount "77"]
[EventDate "2017.05.24"]
[EventType "swiss"]
[EventRounds "7"]
[EventCountry "GER"]
[SourceTitle "EXT 2018"]
[Source "ChessBase"]
[SourceDate "2017.10.13"]
[SourceVersion "1"]
[SourceVersionDate "2017.10.13"]
[SourceQuality "1"]

1. e4 e5 2. Nf3 Nc6 3. Bb5 a6 4. Bxc6 dxc6 5. 0-0 Bg4 6. h3 h5 7. d3 Qf6 8. Be3 Bxf3 9. Qxf3 Bd6 10. Qxf6 Nxf6 11. Nd2 Nd7 12. d4 g6 13. dxe5 Bxe5 14. c3 Bg7 15. f4 Bh6 16. Rad1 Rd8 17. g4 hxg4 18. hxg4 a5 19. Bd4 0-0 20. g5 Bg7 21. Bxg7 Kxg7 22. Kg2 Nc5 23. f5 gxf5 24. exf5 Rfe8 25. Nc4 Rxd1 26. Rxd1 b6 27. Kf3 a4 28. Rh1 Nd7 29. Rh6 Ne5+ 30. Nxe5 Rxe5 31. Kf4 Rc5 32. f6+ Kg8 33. Rh2 a3 34. b3 Rxc3 35. Kg4 Rc1 36. Kh5 Kf8 37. g6 fxg6+ 38. Kxg6 Rg1+ 39. Kf5 1/2-1/2

[Event "Helsingor Xtracon op"]
[Site "Helsingor"]
[Date "2016.07.29"]
[Round "8"]
[White "Lindsjorn, Yngve"]
[Black "Weber, Andreas"]
[Result "1/2-1/2"]
[WhiteElo "1582"]
[BlackElo "1808"]
[PlyCount "98"]
[EventDate "2016.07.23"]
[EventType "swiss"]
[EventRounds "10"]
[EventCountry "DEN"]
[SourceTitle "CBM 173 Extra"]
[Source "ChessBase"]
[SourceDate "2016.08.29"]
[SourceVersion "1"]
[SourceVersionDate "2016.08.29"]
[SourceQuality "1"]

1. e4 d5 2. exd5 Nf6 3. d4 Bg4 4. Be2 Bxe2 5. Nxe2 Qxd5 6. 0-0 Nc6 7. Nbc3 Qd7 8. Be3 0-0-0 9. h3 Rg8 10. Qd2 h6 11. Rad1 g5 12. a3 g4 13. h4 Qf5 14. Ng3 Qg6 15. Nce2 e5 16. c3 Nh5 17. Nxh5 Qxh5 18. g3 f5 19. Qc1 f4 20. gxf4 exf4 21. Bxf4 Qxh4 22. Bg3 Qh5 23. Nf4 Qf7 24. d5 Ne5 25. Ne6 Nf3+ 26. Kg2 Rd7 27. Qf4 Qxf4 28. Bxf4 Nh4+ 29. Kg3 Nf5+ 30. Kg2 Bd6 31. Rh1 Bxf4 32. Nxf4 Rf7 33. Nh5 Rgf8 34. Rd2 Nd6 35. Ng3 Rh8 36. Re2 Nc4 37. Rhe1 Kd7 38. Re4 Nxb2 39. Rxg4 Nd3 40. Rf1 h5 41. Rh4 Nf4+ 42. Kh2 Kd6 43. c4 Kc5 44. Ne4+ Kd4 45. Ng5 Rf6 46. Ne6+ Ke4 47. Re1+ Kf3 48. Rxf4+ Rxf4 49. Nxf4 Kxf4 1/2-1/2

[Event "Helsingor Xtracon op"]
[Site "Helsingor"]
[Date "2016.07.26"]
[Round "5"]
[White "Weber, Andreas"]
[Black "Kharraziha, Hamid"]
[Result "1-0"]
[WhiteElo "1808"]
[BlackElo "1427"]
[PlyCount "123"]
[EventDate "2016.07.23"]
[EventType "swiss"]
[EventRounds "10"]
[EventCountry "DEN"]
[SourceTitle "CBM 173 Extra"]
[Source "ChessBase"]
[SourceDate "2016.08.29"]
[SourceVersion "1"]
[SourceVersionDate "2016.08.29"]
[SourceQuality "1"]

1. e4 e5 2. Nf3 Nc6 3. Bc4 Nf6 4. d3 Be7 5. 0-0 0-0 6. c3 d5 7. exd5 Nxd5 8. Re1 Nb6 9. Bb3 Bg4 10. h3 Bh5 11. Bc2 Qd5 12. Nbd2 Rad8 13. Ne4 Kh8 14. Re3 Nc4 15. Re1 Nb6 16. b4 f5 17. c4 Nxc4 18. Nc3 Bxf3 19. Nxd5 Bxd1 20. Nxe7 Bxc2 21. Nxc6 bxc6 22. dxc4 e4 23. Be3 a6 24. g3 Rd3 25. Bf4 Rf7 26. Rac1 Ba4 27. Re3 Rfd7 28. Rxd3 exd3 29. Re1 Kg8 30. Bd2 Kf7 31. Re5 Re7 32. Rxe7+ Kxe7 33. Kg2 Ke6 34. Kf3 g6 35. Ke3 Bc2 36. Kf4 h6 37. h4 Bd1 38. Ke3 Be2 39. Kd4 h5 40. a4 Bd1 41. a5 Be2 42. b5 cxb5 43. cxb5 axb5 44. Kc5 Bf3 45. Kxb5 Kd7 46. Kc5 Be4 47. Kd4 Ke6 48. f3 Bxf3 49. Kxd3 Bb7 50. Kd4 Kd7 51. Ke5 Ke7 52. Bb4+ Kf7 53. Bc5 Be4 54. a6 Ba8 55. Bb4 c6 56. Bc5 Kg7 57. Kd6 Kh6 58. Kd7 g5 59. Kc7 f4 60. hxg5+ Kxg5 61. gxf4+ Kxf4 62. Kb8 1-0